000 00313nam a2200097Ia 4500
008 220204s9999 xx 000 0 und d
082 _a342.724(540)
_bRGI
245 0 _aMinorities in India : Conference papers held at New Delhi on December 19, 1996
260 _aNew Delhi
_bRajiv Gandhi Foundation
_c1997
942 _cBK
999 _c44057
_d44057